000 00900cam a2200289 4500
999 _c533873
_d533873
001 405770
003 Nust
005 20200123104344.0
008 700414s1969 enk 000 0 eng
010 _a 79453918
015 _aB69-28152
020 _a9780007282425
_cRs. 260
038 _aMSOHAIL
040 _aDLC
_cDLC
_dDLC
050 0 0 _aPR6005.H66
_bH3 1969b
082 0 0 _a823.912
_bCHR
100 1 _aChristie, Agatha,
_d1890-1976.
_92976
245 1 0 _aHallowe'en party
_c[by] Agatha Christie.
260 _aLondon,
_bPublished for the Crime Club by Collins,
_c1969.
300 _a335 p.
_c21 cm.
350 _a25/-
600 1 0 _aPoirot, Hercule
_c(Fictitious character)
_vFiction.
_911837
650 0 _aPrivate investigators
_zEngland
_vFiction.
_911838
655 7 _aDetective and mystery stories.
_2gsafd
_92977
906 _a7
_bcbc
_corignew
_du
_encip
_f19
_gy-gencatlg
942 _2ddc
_cBK